000 00901nam a22002657a 4500
001 0004188
003 DO-SdBNP
005 20160622110625.0
007 0004188
008 160622b 2001 sp xxu||||| |||| 00| 0 spa d
020 _a8466303987
040 _aBPMSU
_bspa
_cBPMSU
092 _axxxxx
_bxxxxx
100 1 _aQuevedo, Francisco de,
_d(1580-1645).
245 1 0 _aHistoria de la vida del Buscón llamado don Pablos :
_bejemplo de vagabundos y espejo de tacaños /
_cestudio y notas por Juan Luis Rodríguez Bravo.
246 1 0 _aHistoria de la vida del Buscón
250 _a Edición y anotada comentada
260 _aBarcelona :
_bSuma de Letras,
_c2001.
300 _a318 p. ;
_c18 cm.
490 1 _aPunto de Lectura
_v300/7
700 1 2 _aRodríguez Bravo, Juan Luis
830 0 _n300/7
_pPunto de Lectura ;
942 _2ddc
_cBK
956 _2LOPEREZ
_310
_620160622
_8BPMSU
_a00041
999 _c10494
_d10494